| 000 | 00794cam a22002657a 4500 | ||
|---|---|---|---|
| 003 | CHAP | ||
| 005 | 20220329135608.0 | ||
| 008 | 971013s1993 r 00010 d | ||
| 010 | _a39072 | ||
| 011 | _a40044 | ||
| 035 | _a44169 | ||
| 040 | _cCHAP | ||
| 082 |
_a634.25 _bL4 |
||
| 100 | 0 | 0 |
_aLemus S., Gamalier _eed. _965968 |
| 245 | 1 | 3 | _aEl duraznero en Chile |
| 260 |
_aSantiago de Chile : _bLos Andes, _c1993 |
||
| 300 |
_a332 p. _b: ilus |
||
| 590 |
_aBATCH-UPD _b10 _c20130110 _lUCH01 _h2141 |
||
| 590 |
_aCONVERSION _b10 _c20130109 _lUCH01 _h1322 |
||
| 650 | 1 | 4 |
_aDurazno _xChile. _934582 |
| 710 | 0 |
_aInstituto de Investigaciones Agropecuarias. Chile. _959133 |
|
| 901 | _aBK | ||
| 942 | _cLIBRO | ||
| 949 |
_a634.25 L4 _bBC _cLIBRO _d33724000001665 _eLIBRO _gI.175798 _h87679 _i44169 _si _t172.00 |
||
| 999 |
_c39072 _d39072 |
||